000 00876nam a22001815i 4500
001 165269
003 ES-MaACL
005 20251015063147.0
008 011031s1845 fr |||| | fre d
040 _aCCPB | B
_bspa
_cCCPB | B
100 1 _aSerrurier, Jean-Baptiste-Toussaint,
_d1776-1853
_9132682
245 1 0 _aDu mariage considéré dans ses rapports physiques et moraux
_b: inconvénients des unions entre individues entachés d'un principe constitutif héréditare /
_cpar Serrurier.
260 _aParis :
_bJ.B. Baillière,
_c1845 (
_fSchneider et Langrand)
300 _a60 p. ;
_c20 cm.
650 7 _aMatrimonio
_2embne
_914855
852 _aES-MaACL
_jR-1365(3)
_z-- Enc. hol., falto de la cub. original
_z-- Enc. en un vol. facticio, formando parte de la col. factica: "Colección de memorias médicas"
_z.- Donat. Mateo Seoane
999 _c165269
_d165269